header

Ireland and victims (Record no. 53333)

MARC details
000 -LEADER
fixed length control field 01952nam a2200421Ia 4500
082 04 - DEWEY DECIMAL CLASSIFICATION NUMBER
Classification number 362.88
245 00 - TITLE STATEMENT
Title Ireland and victims
260 ## - PUBLICATION, DISTRIBUTION, ETC. (IMPRINT)
Place of publication Bern ;
-- New York :
Name of publisher Peter Lang,
Year of publication 2012.
300 ## - PHYSICAL DESCRIPTION
Number of Pages xii, 319 p.
490 0# - SERIES STATEMENT
Series statement Reimagining Ireland ;
500 ## - GENERAL NOTE
General note Papers from an international conference organized by the Centre for Irish Studies at the University of Rennes 2 in September 2010, to debate the complex and sensitive issue of victimhood as it relates to Ireland.
650 #0 - SUBJECT ADDED ENTRY--TOPICAL TERM
Topical Term Victims
Topical Term Victims
Topical Term Political violence
Topical Term Reformatories
Topical Term Abused children
Topical Term National characteristics, Irish
700 1# - ADDED ENTRY--PERSONAL NAME
Personal name Lelourec, Lesley.
Personal name O'Keeffe-Vigneron, Grainne.
856 40 - ELECTRONIC LOCATION AND ACCESS
Uniform Resource Identifier http://site.ebrary.com/lib/rucke/Doc?id=10620484

No items available.

© 2026 Rongo University
Contact us: librarian | system librarian | Rongo university